Komparácia obsahu a štruktúry súvahy zostavenej podľa slovenskej právnej úpravy účtovníctva podnikateľov a IFRS diplomová práca

Gespeichert in:
Bibliographische Detailangaben
1. Verfasser: Jamrichová, Veronika
Körperschaft: Fakulta hospodárskej informatiky EU. Katedra účtovníctva a audítorstva
Weitere Verfasser: Šlosárová, Anna
Format: Buch
Sprache:Slowakisch
Veröffentlicht: Bratislava 2012
Tags: Tag hinzufügen
Keine Tags, Fügen Sie das erste Tag hinzu!

MARC

LEADER 00000nbm a2200000 4500
001 0154742
005 20161109102141.7
041 0 |a slo 
044 |a SK 
245 1 0 |a Komparácia obsahu a štruktúry súvahy zostavenej podľa slovenskej právnej úpravy účtovníctva podnikateľov a IFRS  |b diplomová práca  |c Veronika Jamrichová ; školiteľ: Anna Šlosárová 
264 1 |a Bratislava  |c 2012 
300 |a 73 s. 
100 1 |a Jamrichová, Veronika 
700 1 |a Šlosárová, Anna 
710 2 |a Fakulta hospodárskej informatiky EU. Katedra účtovníctva a audítorstva